000 00644pam a2200229 a 4500
001 951324
005 20180220085944.0
008 840501s1989 enk b 001 0 eng
010 _a 84009595
020 _a0521267919
040 _aDLC
_cDLC
_dDLC
_dOCoLC
_dDLC
041 _aeng
080 _a330 CHA
082 0 0 _a330 CHA
_219
100 1 _a52
101 _aECO
245 1 0 _aEconomic laws and economic history /
_cCharles P. Kindleberger.
504 _aIncludes bibliographical references and index.
906 _a7
_bcbc
_corignew
_d1
_eocip
_f19
_gy-gencatlg
942 _2ddc
_cBK
999 _c42939
_d42939